000 00638nam a2200193Ia 4500
005 20260601193255.0
008 260601s9999||||xx |||||||||||||| ||und||
020 _a978-3-031-68416-6
_qebk
100 _aJane Hillston
245 0 _aQuantitative Evaluation of Systems and Formal Modeling and Analysis of Timed Systems
250 _a2024
260 _aHeidelberg, Germany
_bSpringer Nature
_c2024
440 _aLecture Notes in Computer Science
650 _aComputer Science
700 _aMasaki Waga
700 _aSadegh Soudjani
856 _uhttps://link.springer.com/openurl?genre=book&isbn=978-3-031-68416-6
942 _cEB
_2ddc
999 _c56841
_d56841